Country Flags Quiz 1 - Statistics

General Stats
  • This quiz has been taken 32 times
  • The average score is 13 of 16
Answer Stats
Picture Answer % Correct
Israel
96%
Canada
91%
India
91%
Sweden
91%
Ukraine
91%
Argentina
87%
Australia
87%
France
87%
Greece
87%
Switzerland
87%
China
83%
Norway
83%
Croatia
78%
Mexico
70%
Netherlands
65%
America
61%
No matching quizzes found
Score Distribution
Percent of People with Each Score
Percentile by Number Answered
Your Score History
You have not taken this quiz